[Event "Liape Open-001 email"]
[Site "Liape email"]
[Date "2002.08.13"]
[Round "4"]
[White "Bertolini, Jose Maria"]
[Black "Canone, Walter"]
[Result "0-1"]
[WhiteElo "2100"]
[BlackElo "1600"]
[PlyCount "44"]
[EventDate "2002.08.10"]
[EventType "tourn (corr)"]
[EventRounds "5"]
[EventCountry "ARG"]
[SourceTitle "Corr 2006"]
[Source "ChessBase"]
[SourceDate "2006.04.01"]
[SourceVersion "3"]
[SourceVersionDate "2006.04.01"]
[SourceQuality "1"]

1. Nf3 d5 2. g3 Nf6 3. Bg2 e6 4. d4 Be7 5. 0-0 0-0 6. c4 c6 7. Nc3 Nbd7 8. Qc2 b6 9. e4 dxc4 10. Nd2 b5 11. d5 Bb7 12. dxe6 fxe6 13. e5 Nxe5 14. Re1 Nd3 15. Rxe6 Bc5 16. Nde4 Nxe4 17. Nxe4 Bxf2+ 18. Kh1 Bd4 19. h4 c5 20. Bg5 Qc8 21. Re7 Bxe4 22. Bxe4 Qh3+ 0-1